| 000 | 00658nam a2200181Ia 4500 | ||
|---|---|---|---|
| 008 | 090630s9999 xx 000 0 und d | ||
| 082 | _b18264 | ||
| 100 | _aबर्वे राजेंद्र | ||
| 245 |
_aचूकण्यापूर्वी. _cबर्वे राजेंद्र |
||
| 260 |
_bमनोविकास - मुंबई. _c2000 |
||
| 300 | _a56 | ||
| 600 | _aबर्वे राजेंद्र | ||
| 630 | _aचूकण्यापूर्वी. | ||
| 655 | _aलघुकथा. | ||
| 700 | _aबर्वे राजेंद्र | ||
| 730 | _aचूकण्यापूर्वी. | ||
| 942 | _cBOOK | ||
| 999 |
_c270120 _d270120 |
||